LIBRARY & INFORMATION CENTRE, KCAET, TAVANUR

ONLINE PUBLIC ACCESS CATALOGUE (OPAC)

Normal view MARC view
  • Kaishish, JP

Entry Personal Name

Number of records used in: 1

001 - CONTROL NUMBER

  • control field: 7138

003 - CONTROL NUMBER IDENTIFIER

  • control field: OSt

005 - DATE AND TIME OF LATEST TRANSACTION

  • control field: 20250213124640.0

008 - FIXED-LENGTH DATA ELEMENTS

  • fixed length control field: 250213|| aca||aabn | a|a d

040 ## - CATALOGING SOURCE

  • Original cataloging agency: OSt
  • Transcribing agency: OSt

100 ## - HEADING--PERSONAL NAME

  • Personal name: Kaishish, JP

670 ## - SOURCE DATA FOUND

  • Source citation: Work cat.: (OSt)19370: Gupta, KN 7137, Pump Servicing and Maintenance
free website counter